Complete the Title: 2000s TV Shows Quiz Stats

 Plays Quiz Updated Sep 15, 2017

Support Sporcle.
Go Orange.
Score 0/50 Timer 05:00
5 Plays Today
% Correct
Bang
95.4%
Talent
95.3%
Met
95.3%
Anatomy
95.3%
Feet
94.9%
You
94.9%
Smarter
94.8%
Kardashians
94.7%
Men
94.7%
Middle
94.5%
Stars
94.1%
Lilo
93.8%
Hates
93.7%
Housewives
93.6%
Yes
93.5%
Night
93.5%
Sunny
93.5%
Next
93.4%
Recreation
92%
Development
91.8%
Rules
91.5%
Wear
90.3%
Curb
90.2%
Wife
90.1%
Pregnant
90.1%
% Correct
What
90%
Good
89.1%
1000
89%
Deal
88.8%
Shortcake
88.1%
Life
87.7%
Bernie
86.6%
According
86.4%
Brothers
86.3%
30
85.8%
Money
85.1%
Simple
84.6%
Purple
84.3%
Still
80.8%
Whisperer
80.8%
Adventures
80.1%
Kennedy
79.8%
Brother
79.7%
Reservations
79.4%
D-List
78.9%
Nicole
75.7%
Dick
72%
Jewels
69.8%
Comic
68.8%
Psychic
63%

From the Vault

'I' States

by swiimstar

Geography 30s
That's the problem these days, we're too concerned with 'I' states and not concerned enough with 'You' states.
Remove Ads.
Support Sporcle.
Get the best of Sporcle when you Go Orange. This ad-free experience offers more features, more stats, and more fun while also helping to support Sporcle. Thank you for becoming a member.

Show Comments

Extras

Top Quizzes Today


Score Distribution

Your Account Isn't Verified!

In order to create a playlist on Sporcle, you need to verify the email address you used during registration. Go to your Sporcle Settings to finish the process.

Report this User

Report this user for behavior that violates our Community Guidelines.

Details: